| 000 | 00929nam a2200121Ia 4500 | ||
|---|---|---|---|
| 008 | 220616s9999||||xx |||||||||||||| ||und|| | ||
| 245 | 0 | _aStudies in Science Education in the Asia-Pacific Region | |
| 546 | _aEnglish[eng] | ||
| 650 | _aAik-Ling Tan||Alister Jones||Asia-Pacific||assessment||Cathy Buntting||Chan-Jong Kim||Chee Leong Wong||Chi-Chin Chin||curriculum||Dennis Chun Lok Fung||Education||Frederick Toralballa Talaue||Hsiao-Lin Tuan||Hye-Eun Chu||Hyun Seok Oh||Jeong A Lee||Joanna Oon Jeu Ong||John Loughran||Kok Siang Tan||Manabu Sumida||May May Hung Cheng||Min-Suk Kim||Science||Seung-Urn Choe||Studies||Wheijen Chang||Winnie Wing Mui So||Yau Yuen Yeung||Yu Chen||Yu Liang | ||
| 700 | _aCheng, May May Hung||Jones, Alister||Buntting, Cathy | ||
| 856 | _uhttps://library.oapen.org/bitstream/20.500.12657/49541/1/9781317510703.pdf||https://library.oapen.org/bitstream/20.500.12657/49541/1/9781317510703.pdf | ||
| 942 | _cEB | ||
| 999 |
_c19657 _d19657 |
||